[Event "Gibraltar Amateur op-B"]
[Site "Caleta"]
[Date "2018.01.27"]
[Round "1"]
[White "Volovik, Konstantin"]
[Black "Pena, Helio Adelino Silva"]
[Result "0-1"]
[WhiteElo "1701"]
[BlackElo "1894"]
[PlyCount "166"]
[EventDate "2018.01.27"]
[EventType "swiss"]
[EventRounds "5"]
[EventCountry "GGB"]
[SourceTitle "EXT 2019"]
[Source "ChessBase"]
[SourceDate "2018.10.10"]
[SourceVersion "1"]
[SourceVersionDate "2018.10.10"]
[SourceQuality "1"]

1. b4 e5 2. a3 d5 3. Bb2 Bd6 4. e3 Ne7 5. Nf3 f6 6. Be2 0-0 7. c4 c6 8. c5 Bc7 9. d4 e4 10. Nfd2 Nf5 11. Nf1 Nh6 12. Bc1 a5 13. Bb2 axb4 14. axb4 Rxa1 15. Bxa1 Nd7 16. Nc3 f5 17. b5 Qg5 18. Ng3 f4 19. exf4 Bxf4 20. 0-0 Rf6 21. Bb2 Nf8 22. Bc1 Ng6 23. Nh5 Rf8 24. Nxf4 Nxf4 25. Bxf4 Qxf4 26. Qc1 Qf6 27. Qe3 Nf5 28. Qf4 Nxd4 29. Qc7 Ne6 30. Qg3 Nxc5 31. Rc1 Nb3 32. Nxe4 dxe4 33. Qxb3+ Be6 34. Qe3 Bd5 35. h3 Qb2 36. bxc6 bxc6 37. Bf1 h6 38. Qc5 Rf6 39. Rc2 Qa1 40. Rc1 Qe5 41. Bc4 Kh7 42. Qe3 Rg6 43. f4 Qb2 44. Bf1 h5 45. f5 Rf6 46. Qg5 Kg8 47. Re1 g6 48. Re2 Qe5 49. g4 Kg7 50. gxh5 Qxf5 51. h6+ Kh7 52. Qc1 Bc4 53. Re1 Bxf1 54. Qe3 Qf3 55. Qxf3 Rxf3 56. Rxe4 Bxh3 57. Rh4 g5 58. Rc4 Rf6 59. Kh2 Bf1 60. Rc5 Kxh6 61. Kg3 Bb5 62. Re5 Kg6 63. Kg4 Rf4+ 64. Kg3 Rc4 65. Re8 g4 66. Re5 Kf6 67. Re1 c5 68. Re3 Bd7 69. Ra3 Rd4 70. Ra7 Rd3+ 71. Kf2 g3+ 72. Ke2 c4 73. Rc7 Be6 74. Rc6 Ke5 75. Rc5+ Kf4 76. Rc7 g2 77. Kf2 Rd2+ 78. Kg1 Bd5 79. Rc8 Rd1+ 80. Kf2 Rd3 81. Re8 c3 82. Re1 c2 83. Ke2 Rd1 0-1